000
00215nam a2200097Ia 4500
005
20251222114417.0
008
251222s1900||||xx |||||||||||||| ||spa||
082
_a
DVD0050/P87/2004
245
0
_a
Yo, robot:
942
_c
DVD
999
_c
2266
_d
2266